000 01322cam a22002533a 4500
001 2851
003 PGUSA
005 20140828083022.0
008 011001s2001||||xxu|||||s|||||000 1 eng d
040 _aPGUSA
_beng
042 _adc
050 4 _aPS
100 1 _aHenry, O.,
_d1862-1910
245 1 0 _aSixes and Sevens
_h[electronic resource] /
_cO. Henry
260 _bProject Gutenberg,
_c2001
505 0 _aThe last of the troubadours -- The sleuths -- Witches' loaves -- The pride of the cities -- Holding up a train -- Ulysses and the dogman -- The champion of the weather -- Makes the whole world kin -- At arms with Morpheus -- the ghost of a chance -- Jimmie Hayes and Muriel -- The door of unrest -- The duplicity of Hargraves -- Let me feel your pulse -- October and June -- The church with an overshot wheel -- New York by campfire light -- The adventures of Shamrock Jolnes -- The lady higher up -- The greater Coney -- Law and order -- Transformation of Martin Burney -- The caliph and the cad -- The diamond of Kali -- The day we celebrate.
506 _aPublic domain in the USA.
516 _aElectronic text
653 _aShort stories, American
653 _aAmerican fiction -- 20th century
830 0 _aProject Gutenberg
_v2851
856 4 0 _uhttp://www.gutenberg.org/ebooks/2851
942 _cEB
999 _c232183
_d232183